UBT Library

Torts / (Record no. 41218)

000 -LEADER
fixed length control field 00840cam a2200265 i 4500
001 - CONTROL NUMBER
control field 19020596
005 - DATE AND TIME OF LATEST TRANSACTION
control field 20180130033641.0
008 - FIXED-LENGTH DATA ELEMENTS--GENERAL INFORMATION
fixed length control field 160318s2015 nyu b 001 0 eng
010 ## - LIBRARY OF CONGRESS CONTROL NUMBER
LC control number 2016295187
020 ## - INTERNATIONAL STANDARD BOOK NUMBER
International Standard Book Number 9781454840916
020 ## - INTERNATIONAL STANDARD BOOK NUMBER
International Standard Book Number 1454840919
040 ## - CATALOGING SOURCE
Original cataloging agency DLC
Language of cataloging eng
Description conventions rda
Transcribing agency DLC
041 ## - LANGUAGE CODE
Language code of text/sound track or separate title eng
042 ## - AUTHENTICATION CODE
Authentication code pcc
043 ## - GEOGRAPHIC AREA CODE
Geographic area code n-us---
080 ## - UNIVERSAL DECIMAL CLASSIFICATION NUMBER
Universal Decimal Classification number 34 EMA
082 ## - DEWEY DECIMAL CLASSIFICATION NUMBER
Classification number 34 EMA
100 1# - Rafti
Rafti 14
101 ## - Shkurtesa
Shkurtesa JUR
245 10 - TITLE STATEMENT
Title Torts /
Statement of responsibility, etc Steven L. Emanuel, founder & editor-in-chief, Emanuel Law Outlines and Emanuel Bar Review, Harvard Law School, J. D. 1976 member, NY, CT, MD and VA bars.
504 ## - BIBLIOGRAPHY, ETC. NOTE
Bibliography, etc Includes bibliographical references and index.
906 ## - LOCAL DATA ELEMENT F, LDF (RLIN)
a 7
b cbc
c origcop
d 2
e ncip
f 20
g y-gencatlg
942 ## - ADDED ENTRY ELEMENTS (KOHA)
Source of classification or shelving scheme
Item type Books
Holdings
Withdrawn status Lost status Source of classification or shelving scheme Damaged status Not for loan Collection code Permanent location Current location Shelving location Date acquired Total Checkouts Full call number Barcode Date last seen Price effective from Koha item type
          Koleksioni i përgjithshem UBT - Lipjan UBT - Lipjan Koleksioni i përgjithshem 01/30/2018   34 EMA 002-2997027 01/30/2018 01/30/2018 Books
UBT Library © 2015-2024. All rights reserved University Education for Business and Technology